Biggest Cities By Asian Country - Statistics

General Stats
  • This quiz has been taken 42 times
  • The average score is 15 of 20
Answer Stats
Country Population City % Correct
China 21.1M Beijing
97%
China 24.8M Shanghai
97%
Japan 37.2M Tokyo
95%
India 32.0M Delhi
92%
India 20.9M Mumbai
92%
China 18.8M Guangzhou
89%
Pakistan 14.9M Karachi
89%
Japan 19.3M Osaka
86%
India 15.1M Kolkata
84%
India 13.1M Bangalore
81%
India 11.6M Chennai
78%
Pakistan 11.1M Lahore
78%
China 17.6M Shenzhen
76%
Japan 9.3M Nagoya
70%
Japan 2.6M Sapporo
70%
China 15.0M Chengdu
65%
Pakistan 2.1M Rawalpindi
46%
Pakistan 3.2M Faisalabad
41%
Japan 5.5M Fukuoka
38%
Pakistan 2.0M Peshawar
24%
No matching quizzes found
Score Distribution
Percent of People with Each Score
Percentile by Number Answered
Your Score History
You have not taken this quiz